000 01155nam a22001457a 4500
999 _c530602
_d530602
008 250625b ||||| |||| 00| 0 eng d
100 _aBuragohain, Anisha
_954766
245 _aPreferential Trade Agreements: Building Blocks Than Stumbling Blocks
260 _aEconomic & Political Weekly
300 _a60(23), Jun 14, 2025: p.11-14
520 _aPreferential trade agreements are a prevailing characteristic of the international trading landscape. This article argues that PTAs are building blocks for the multilateral trading regime. They serve as experimental platforms, promote transparency and dispute resolution, aligning with WTO rules while addressing new regulatory challenges. Despite criticisms of PTAs as “second best,” they play a crucial role in advancing global trade, offering a complementary approach to multilateral agreements, and potentially leading to a more inclusive and resilient trading system. - Reproduced https://www.epw.in/journal/2025/24/commentary/preferential-trade-agreements.html
650 _aPreferential trade agreement, PATs, world trade
_954765
773 _0Economic & Political Weekly
942 _cAR